Statistiken für Haltestellen in Heidelberg

Klicken Sie hier um das Quiz zu spielen!

Allgemein

  • Dieses Quiz wurde 55 mal gespielt
  • Das Durchschnittsergebnis liegt bei 30 aus 298

Antwortstatistiken

Antwort% Korrekt
Bismarckplatz
89%
Heidelberg Hauptbahnhof
87%
Hauptbahnhof Süd
82%
Kirchheim Rohrbach
56%
Altstadt
53%
Rohrbach
51%
Stadtbücherei
51%
Universitätsplatz
51%
Ziegelhausen Kirche
49%
Marstallstraße
47%
Brückenstraße
44%
Stadtwerke
44%
Betriebshof
42%
Kirchheim Friedhof
42%
Rohrbach Friedhof
42%
Seegarten
42%
Ziegelhausen Friedhof
42%
Alte Brücke
38%
Peterskirche
38%
Bunsengymnasium
36%
Handschuhsheim Hans-Thoma-Platz
36%
Neuenheim Bunsengymnasium
36%
Rohrbach Süd
36%
Römerkreis Süd
36%
Weststadt/Südstadt S-Bahnhof
36%
Zoo
36%
Altes Hallenbad
33%
Rohrbach Rathaus
33%
Jahnstraße
31%
Rathaus/Bergbahn
31%
Neuenheim Jahnstraße
29%
Neuenheim Kopfklinik
29%
Neuenheim Technologiepark
29%
Pfaffengrund/Wieblingen Bahnhof
29%
Rohrbach Markt
29%
Technologiepark
29%
Friedrich-Ebert-Platz
27%
Handschuhsheim Burgstraße
27%
Heidelberg-Schlierbach-Ziegelhausen
27%
S-Bf. Weststadt/Südstadt
27%
Volkshochschule
27%
Bergstraße
22%
Botanischer Garten
22%
Burgstraße
22%
Czernybrücke
22%
Czernybrücke Süd
22%
Eichendorffplatz
22%
Heidelberg-Kirchheim-Rohrbach
22%
Heidelberg-Weststadt-Südstadt
22%
Kußmaulstraße
22%
Montpellierbrücke
22%
Neuenheim Studentenwohnheim
22%
St. Vincentius-Krankenhaus
22%
Königstuhl
20%
Römerstraße
20%
Bethanien-Krankenhaus
18%
Kongresshaus
18%
Markscheide
18%
Neuenheim Alte Brücke Nord
18%
Wieblingen Mitte
18%
Wieblingen Nord
18%
Gneisenaustraße
16%
Gneisenaustraße Süd
16%
Köpfel
16%
Neckarmünzplatz
16%
Neuenheim Lutherstraße
16%
Rheinstraße
16%
Rohrbach Freiburger Straße
16%
Schloss
16%
Sportzentrum Nord
16%
Adenauerplatz
13%
Bergfriedhof
13%
Blumenthalstraße
13%
Handschuhsheim Heiligenberg
13%
Handschuhsheim Kapellenweg
13%
Kapellenweg
13%
Molkenkur
13%
Neuenheim Uni-Campus
13%
Ochsenkopf
13%
Pädagogische Hochschule
13%
Rudolf-Diesel-Straße
13%
Schlierbach Adler-Überfahrt
13%
Biethsstraße
11%
Handschuhsheim Biethsstraße
11%
Handschuhsheim Heiligenbergschule
11%
Heidelberg Orthopädie
11%
Heidelberg-Pfaffengrund-Wieblingen
11%
Heiligenbergschule
11%
Ilse-Krall-Straße
11%
Kirchheim Ilse-Krall-Straße
11%
Max-Planck-Institut für Astronomie
11%
Neuenheim Jugendherberge
11%
Odenwaldstraße
11%
Schlierbach Jägerhaus
11%
Alois-Link-Platz
9%
Berufsschule
9%
Chirurgische Klinik
9%
Christuskirche
9%
Emmertsgrund Endstelle
9%
Gaisbergstraße
9%
Heidebuckelweg
9%
Henkel-Teroson-Straße
9%
Im Grund
9%
Kirchheim Messplatz
9%
Kirchheim Rathaus
9%
Mönchhofschule
9%
MPI Kernphysik
9%
Neuenheim Schwimmbad
9%
Oberer Fauler Pelz
9%
Ortenauer Straße
9%
Pfaffengrund Henkel-Teroson-Straße
9%
Rohrbach Ortenauer Straße
9%
Schlierbach HITS
9%
Wieblingen Taubenfeld
9%
Albert-Fritz-Straße
7%
Carl-Bosch-Museum
7%
Drei Eichen
7%
Harbigweg
7%
Hausackerweg
7%
Kaiserstraße
7%
Kolbenzeil
7%
Kranichweg
7%
Marktstraße
7%
Neuenheim Medizinische Klinik
7%
Pfaffengrund Stotz
7%
Ringstraße
7%
Rombach-/Klingelhüttenweg
7%
Speyerer Straße
7%
Sternwarte
7%
Stotz
7%
Wieblingen Waldorfschule
7%
EMBL
4%
Fachhochschule
4%
Haarlass
4%
Haselnußweg
4%
Heidelberg-Altstadt
4%
Hermann-Treiber-Straße
4%
Neckarschule
4%
Neckarspitze
4%
Olympiastützpunkt
4%
Rohrbach Einkaufs-Zentrum
4%
Rombachweg
4%
Schlierbach Bahnhof
4%
Schlierbach Villa Bosch
4%
Stift Neuburg
4%
Alter Kohlhof
2%
Augustinum
2%
Blockhaus
2%
DJK-Sportplatz
2%
Erlenweg
2%
Feuerbachstraße
2%
Forum
2%
Fürstendamm
2%
Gregor-Mendel-Realschule
2%
Hans-Böckler-Straße
2%
Heiligenbergstraße
2%
Herrenmühle
2%
Hirschgasse
2%
Jettaweg
2%
Käfertaler Straße
2%
Kleingemünder Straße
2%
Klingelh.-/Jettaweg
2%
Kohlhof-Fachklinik
2%
Königsberger Straße
2%
Lerchenbuckel
2%
Mathilde-Vogt-Haus
2%
Mombertplatz
2%
Mühldamm
2%
Nansenstraße
2%
Neckarhelle
2%
Otto-Hahn-Straße
2%
Poststraße
2%
Rohrbacher Grenzweg
2%
Rohrbach Kirche
2%
Rohrbach Leimer Straße
2%
Schlierbach Auweg
2%
Schlierbach Ziegelhausen Bahnhof
2%
Schönauer Straße
2%
Speyererhof
2%
Steigerweg
2%
Stiftsmühle
2%
Tiefburg
2%
Turnerbrunnen
2%
Wieblingen Elisabeth-von-Thadden-Platz
2%
Wieblingen Evangelische Kirche
2%
Wielandtstraße
2%
Ziegelhausen Altes Rathaus
2%
Ziegelhausen Neuer Weg
2%
Alfred-Jost-Straße
0%
Am Bächenbuckel
0%
Am Götzenberg
0%
Am Rosenbusch
0%
Am Zapfenberg
0%
Bachlenz
0%
Bahnstadt Agnesistraße
0%
Bahnstadt Bauhaus
0%
Bahofweg
0%
Bärenbach Nord
0%
Bärenbach Süd
0%
Bierhelderhof/Ehrenfriedhof
0%
Bonhoefferstraße
0%
Boxberg Boxbergring
0%
Boxberg Forstquelle
0%
Brahmsstraße
0%
Buchwaldweg
0%
Eisenbahner Sportplatz
0%
Emmertsgrund Jellinekstrasse
0%
Englerstraße
0%
Fernheizwerk
0%
Feuerwache
0%
Finanzamt
0%
Grasweg
0%
Grenzhöfer Weg
0%
Gutleuthofhang
0%
Gutleuthofweg
0%
Haaf
0%
Haberstraße
0%
Hagellachstraße
0%
Handschuhsheim Erich-Hübner-Platz
0%
Hans-Bunte-Straße
0%
Heidelberger Straße
0%
Hertzstraße
0%
Hirtenaue
0%
Hirtenbrunnenweg
0%
Hölderlin-Gymnasium
0%
Im Anger
0%
Im Breitspiel
0%
Im Buschgewann
0%
Im Dornbusch
0%
Im Eichwald
0%
Im Heimgarten
0%
Im Hofert
0%
Im Höllengrund
0%
Im Neulich
0%
Im Schaffner
0%
Im Wellengewann
0%
Jaspersstraße
0%
Karl-Christ-Straße
0%
Kirchheim Im Bieth
0%
Kirchheim Obere Seegasse
0%
Kirchheim Pleikartsförster Hof
0%
Kirchheim Pleikartsförster Straße
0%
Klingenweg
0%
Kompostwerk
0%
Kreuzgrundweg
0%
Kühruhweg
0%
Kurfürsten Anlage (Parkhaus)
0%
Kurpfalzhof
0%
Kurpfalzring Süd
0%
Langer Kirschbaum
0%
Louise-Ebert-Zentrum
0%
Maltesergasse
0%
Mauer(b Heidelberg)
0%
Mittlerer Rainweg
0%
Moselbrunnenweg
0%
Mühltalstraße
0%
Patrick-Henry-Village
0%
Peterstaler Straße
0%
Pfaffengrund Hugo-Stotz-Straße
0%
Pfaffengrund Schützenstraße
0%
Pfaffengrund Untere Rödt
0%
Posseltslust
0%
P+R/Parkplatz
0%
Rainweg
0%
Rastatter Straße
0%
Rohrbach Am Müllenberg
0%
Rohrbach Baden-Badener Straße
0%
Rohrbach Berghalde
0%
Rohrbach Fabrikstraße
0%
Rohrbach Hatschekstraße
0%
Rohrbach Im Bosseldorn
0%
Rohrbach Kühler Grund
0%
Rohrbach NVZ
0%
Rohrbach Quartier Am Turm
0%
Rohrbach Siegelsmauer
0%
Rohrbach Viktoriastraße
0%
Rolloßweg
0%
Rombachweg Süd
0%
Saarstraße
0%
Sandwingert
0%
Schleifengrundweg
0%
Schlierbach Elisabethenweg
0%
Schlierbach Orthopädische Klinik
0%
Schlierbach Sportplatz
0%
Schlierbach Villa Schmeil
0%
Schönauer Abtweg
0%
Schulbergweg
0%
Schweizertalstraße
0%
Schwetzinger Terrasse
0%
Steinbacher Tal
0%
Steinhofweg
0%
Teufelskanzelweg
0%
Tullastraße
0%
Waldweg
0%
Wolfsbrunnensteige
0%
Ziegelhausen Grüner Baum
0%
Ziegelhausen Kleingemünder Straße Ost
0%
Ziegelhausen Löwen
0%

Verteilung der Resultate

Perzentil nach korrekt beantworteten Fragen

Anzahl Personen mit jedem Resultat

Ihre Resultats-Entwicklung

Sie haben dieses Quiz noch nicht gespielt